000 00523nam a22001697a 4500
003 SGT
020 _a9798174465039
082 _a658.048,SAH
100 _aSAHAY,A
245 _aNEW VISTAS OF ENTREPRENEURSHIP: CHALLENGES & OPPORTUNITIES
250 _a1ST
260 _aNEW DELHI
_bEXCEL BOOK
_c2007
300 _a177
650 _aMANAGEMENT
653 _aSMALL SCALE ENTERPRISES, PHASE OF ENTREPRENEURSHIP, INFORMATION TECHNOLOGY ENABLED SERVICES, INTERNET CYBER CAFES: OPPORTUNITIES AND CHALLENGES
942 _2ddc
_cFCM
999 _c9433
_d9433